|
|
|
|
| LEADER |
00000nab a2200000 a 4500 |
| 001 |
vtls000848171 |
| 003 |
SK-MaSNL |
| 005 |
20260304234345.0 |
| 008 |
250505c2003 xo 0 slo |
| 015 |
|
|
|a SNBRB2003/10-27948
|
| 035 |
|
|
|a CLN000199826
|
| 035 |
|
|
|a urn:nbn:sk:snk-ab1pkg
|
| 035 |
|
|
|a (urnnbn)urn:nbn:sk:snk:ar-004uxi
|
| 035 |
|
|
|a (uuid)ab3ae91b-4d11-4cf1-88ea-5ab4fc1322be
|
| 040 |
|
|
|a SNKBUCL
|b slo
|c SNKBUCL
|e AACR2
|
| 041 |
0 |
|
|a slo
|
| 044 |
|
|
|a xo
|c SK
|
| 080 |
|
|
|a 615:54(048)
|2 1997
|
| 100 |
1 |
|
|a Bezáková, Želmíra,
|d 1947-
|4 aut
|9 108084
|
| 245 |
1 |
0 |
|a Farmaceutická chemie (Farmakochemie) V. Léčiva s účinkem na respirační, gastrointestinální a vylučovací trakt
|c Ž. Bezáková
|
| 650 |
0 |
7 |
|a farmaceutická chémia
|2 snkbucl
|9 67178
|
| 650 |
0 |
7 |
|a učebnice vysokých škôl
|2 snkbucl
|9 87388
|
| 655 |
|
7 |
|a recenzie
|2 snkbucl
|9 21907
|
| 655 |
|
7 |
|a učebnice vysokých škôl
|2 SNKPH
|9 70191
|
| 655 |
|
7 |
|a články z novín a časopisov
|2 snkbucl
|9 267496
|
| 773 |
0 |
|
|t Farmaceutický obzor
|g Roč. 72, č. 4-5 (2003), s. 132-133
|x 0014-8172
|
| 787 |
0 |
8 |
|i Rec.:
|a Borovanský, Alois
|t Farmaceutická chemie. 5., Léčiva s účinkem na respirační, gastrointestinální a vylučovací trakt
|d Brno : Veterinární a farmaceutická univerzita, 2002
|z 807305437
|
| 850 |
|
|
|a Slovenská národná knižnica
|
| 852 |
|
|
|a Slovenská národná knižnica
|
| 954 |
|
|
|a odborná, vedecká literatúra pôvodná (slovenská)
|2 lita
|
| 958 |
|
|
|a article27
|
| 958 |
|
|
|a OND
|
| 958 |
|
|
|a MI
|
| 958 |
|
|
|a RC
|
| 958 |
|
|
|a EUIPO
|
| 992 |
|
|
|a RBX
|
| 999 |
|
|
|c 3203513
|d 3205443
|